Truyện cổ các dân tộc ít người VIệt Nam
Wedi'i Gadw mewn:
| Prif Awdur: | |
|---|---|
| Fformat: | Llyfr |
| Tagiau: |
Ychwanegu Tag
Dim Tagiau, Byddwch y cyntaf i dagio'r cofnod hwn!
|
| Thư viện lưu trữ: | Mạng thư viện Đại học Đà Nẵng |
|---|
| LEADER | 00668nam a2200205 4500 | ||
|---|---|---|---|
| 001 | 000005445 | ||
| 003 | 1589 | ||
| 005 | 20150812140833.0 | ||
| 008 | 110816s sd | ||
| 100 | 0 | |a Đặng Nghiêm Vạn | |
| 245 | 0 | 0 | |a Truyện cổ các dân tộc ít người VIệt Nam |c Đặng Nghiêm Vạn |
| 774 | |a Đặng Nghiêm Vạn |b in lần 2 có sửa chữa bổ sung |d Văn học |d H. |d 1994 |g T.3 |h 406tr |t Dòng Nam á (Môn khơme) |w 1587 | ||
| OWN | |a LSP | ||
| 999 | |a From the UDN01 | ||
| TYP | |a Monograph | ||
| TYP | |a Printed language | ||
| 980 | |a Mạng thư viện Đại học Đà Nẵng | ||